LEADER 01067nam--2200361---450- 001 990000363910203316 010 $a0-8053-5830-7 035 $a0036391 035 $aUSA010036391 035 $a(ALEPH)000036391USA01 035 $a0036391 100 $a20010316d1986----km-y0itay0103----ba 101 $aeng 102 $aUS 105 $a||||||||001yy 200 1 $aPascal$estructure and style$fRichard Lamb 210 $aMenlo Park$cBenjamin-Cummings$dc1986 215 $aXVIII, 569 p.$cill.$d24 cm 225 2 $aBenjamin Cummings series in structured programming 410 $12001$aBenjamin Cummings series in structured programming 461 1$1001-------$12001 676 $a001.6424 700 1$aLAMB,$bRichard$0152758 801 0$aIT$bsalbc$gISBD 912 $a990000363910203316 951 $a001.642 4 LAM$b11369$c001.6424$d00105896 959 $aBK 969 $aSCI 979 $aPATTY$b90$c20010316$lUSA01$h1621 979 $c20020403$lUSA01$h1644 979 $aPATRY$b90$c20040406$lUSA01$h1625 996 $aPascal$9877048 997 $aUNISA LEADER 01662cam--2200409---450 001 990002147530203316 005 20200630093500.0 010 $a88-222-5387-6 035 $a000214753 035 $aUSA01000214753 035 $a(ALEPH)000214753USA01 035 $a000214753 100 $a20041108d2004----km-y0enga50------ba 101 0 $aita 102 $aIT 200 1 $aRelazioni letterarie tra Italia e penisola iberica nell'epoca rinascimentale e barocca$eatti del primo Colloquio internazionale : Pisa, 4-5 ottobre 2002$fa cura di Salomé Vuelta García 210 $aFirenze$cOlschki$d2004 215 $aX, 177 p.$cill.$d24 cm 225 2 $aBiblioteca dell'Archivum Romanicum/ Ser. 1, Storia, letteratura, paleografia$v318 410 0$1Biblioteca dell'Archivum Romanicum/ Ser. 1, Storia, letteratura, paleografia$v, 318 606 $aLetteratura italiana$xRapporti [con la] Letteratura spagnola$zSec.16-17$aAtti di congressiI$2BNCF 676 $a809.032 702 0$aVUELTA GARCÍA,$bSalomé 912 $a990002147530203316 951 $aVI.3. Coll. 121/ 142 (V E Coll. 10/318)$b177124 L.M.$cV E Coll.$d00115152 951 $aXVII A.A. 1806$b7058 DLAS$cXVII A.A.$d00157105 959 $aBK 969 $aUMA 969 $aCAS 979 $aMARIA$b10$c20041108$lUSA01$h0938 979 $aDLAS$b10$c20050309$lUSA01$h0931 979 $aDLAS$b10$c20050309$lUSA01$h0934 979 $aDLAS$b10$c20050309$lUSA01$h0935 979 $aRIVELLI$b90$c20050712$lUSA01$h1149 979 $aCOPAT4$b90$c20070228$lUSA01$h1638 996 $aRelazioni letterarie tra Italia e penisola iberica nell'epoca rinascimentale e barocca$91039115 997 $aUNISA